[Event "DVM U20 2016"]
[Site "Borken-Gemen GER"]
[Date "2016.12.29"]
[Round "5"]
[White "Ruff, Maximilian"]
[Black "Pluska, Alexander"]
[Result "1/2-1/2"]
[Termination "normal"]
[Board "1.1"]
[WhiteTitle "FM"]
[WhiteElo "2228"]
[BlackElo "2156"]
[WhiteClock "00:01:49"]
[BlackClock "00:02:27"]
[WhiteTeam "SF Sasbach"]
[BlackTeam "SK Doppelbauer Kiel"]
[PlyCount "113"]
[WhiteFideId "1271670"]
[BlackFideId "12975141"]
[EventCountry "GER"]
[EventRounds "7"]
[EventType "team-swiss"]
[EventDate "2016.12.26"]

1. e4 {[%clk 1:30:52]} c6 {[%clk 1:30:57]} 2. d3 {[%clk 1:30:34]} g6 {[%clk
1:31:11]} 3. g3 {[%clk 1:30:17]} Bg7 {[%clk 1:31:28]} 4. Bg2 {[%clk 1:30:39]}
d5 {[%clk 1:31:21]} 5. Nd2 {[%clk 1:30:16]} e5 {[%clk 1:30:04]} 6. Ngf3 {[%clk
1:29:45]} Be6 {[%clk 1:21:24]} 7. O-O {[%clk 1:27:41]} Nd7 {[%clk 1:18:58]} 8.
Re1 {[%clk 1:22:22]} d4 {[%clk 1:12:24]} 9. a4 {[%clk 1:11:30]} h6 {[%clk
1:06:16]} 10. Nc4 {[%clk 1:10:02]} Qc7 {[%clk 1:03:22]} 11. Nh4 {[%clk
0:58:19]} Ne7 {[%clk 1:00:52]} 12. f4 {[%clk 0:56:06]} g5 {[%clk 0:57:56]} 13.
fxg5 {[%clk 0:51:10]} hxg5 {[%clk 0:55:42]} 14. Bxg5 {[%clk 0:49:03]} f6 {[%clk
0:49:39]} 15. Bd2 {[%clk 0:48:42]} O-O-O {[%clk 0:49:34]} 16. Rf1 {[%clk
0:39:46]} Bh6 {[%clk 0:40:56]} 17. Nf5 {[%clk 0:33:58]} Nxf5 {[%clk 0:41:15]}
18. exf5 {[%clk 0:34:20]} Bd5 {[%clk 0:41:18]} 19. Rf2 {[%clk 0:33:13]} Nc5
{[%clk 0:29:36]} 20. Bxh6 {[%clk 0:25:13]} Rxh6 {[%clk 0:29:53]} 21. Nd2 {[%clk
0:25:26]} Rdh8 {[%clk 0:22:59]} 22. Be4 {[%clk 0:22:39]} Qb6 {[%clk 0:16:20]}
23. b3 {[%clk 0:08:13]} Nxe4 {[%clk 0:07:54]} 24. dxe4 {[%clk 0:08:21]} d3
{[%clk 0:06:53]} 25. h4 {[%clk 0:05:08]} dxc2 {[%clk 0:04:55]} 26. Qxc2 {[%clk
0:04:19]} Qe3 {[%clk 0:05:04]} 27. Nf1 {[%clk 0:03:35]} Qxe4 {[%clk 0:05:08]}
28. Qxe4 {[%clk 0:03:52]} Bxe4 {[%clk 0:05:35]} 29. Rd1 {[%clk 0:03:20]} Rg8
{[%clk 0:05:32]} 30. Kh2 {[%clk 0:03:19]} Rh7 {[%clk 0:03:48]} 31. Ne3 {[%clk
0:02:44]} Kc7 {[%clk 0:03:38]} 32. b4 {[%clk 0:01:07]} b6 {[%clk 0:03:28]} 33.
Rfd2 {[%clk 0:00:52]} Rg5 {[%clk 0:03:13]} 34. Rd6 {[%clk 0:00:38]} Bxf5 {[%clk
0:03:08]} 35. Rxf6 {[%clk 0:01:03]} Bd7 {[%clk 0:03:23]} 36. a5 {[%clk
0:00:43]} bxa5 {[%clk 0:03:21]} 37. bxa5 {[%clk 0:01:12]} e4 {[%clk 0:03:43]}
38. a6 {[%clk 0:00:33]} Ra5 {[%clk 0:04:07]} 39. Rc1 {[%clk 0:00:38]} Ra2+
{[%clk 0:01:46]} 40. Kh1 {[%clk 0:00:34]} Kd8 {[%clk 0:00:38]} 41. Rf8+ {[%clk
0:25:15]} Ke7 {[%clk 0:29:25]} 42. Rf4 {[%clk 0:23:44]} Rxa6 {[%clk 0:28:07]}
43. Rxe4+ {[%clk 0:23:46]} Kd8 {[%clk 0:27:35]} 44. Kg2 {[%clk 0:17:05]} Ra5
{[%clk 0:18:01]} 45. Rf1 {[%clk 0:14:21]} c5 {[%clk 0:15:58]} 46. Re5 {[%clk
0:12:58]} Ra2+ {[%clk 0:13:37]} 47. Rf2 {[%clk 0:11:17]} Bc6+ {[%clk 0:10:20]}
48. Kg1 {[%clk 0:09:52]} Ra1+ {[%clk 0:09:45]} 49. Rf1 {[%clk 0:10:17]} Rxf1+
{[%clk 0:05:49]} 50. Nxf1 {[%clk 0:08:59]} Kc7 {[%clk 0:06:14]} 51. Rxc5 {[%clk
0:09:12]} Kb6 {[%clk 0:06:42]} 52. Re5 {[%clk 0:08:27]} a5 {[%clk 0:06:51]} 53.
Ne3 {[%clk 0:07:59]} a4 {[%clk 0:04:36]} 54. h5 {[%clk 0:06:40]} Bf3 {[%clk
0:03:37]} 55. g4 {[%clk 0:06:10]} a3 {[%clk 0:02:58]} 56. Nc4+ {[%clk 0:03:03]}
Kb7 {[%clk 0:02:27]} 57. Nxa3 {[%clk 0:01:49]} 1/2-1/2

[Event "DVM U20 2016"]
[Site "Borken-Gemen GER"]
[Date "2016.12.29"]
[Round "5"]
[White "Beeck, Mats"]
[Black "Ehmann, Thilo"]
[Result "0-1"]
[Termination "normal"]
[Board "1.2"]
[BlackTitle "FM"]
[WhiteElo "2161"]
[BlackElo "2272"]
[WhiteClock "00:05:17"]
[BlackClock "00:27:26"]
[WhiteTeam "SK Doppelbauer Kiel"]
[BlackTeam "SF Sasbach"]
[PlyCount "70"]
[WhiteFideId "12936944"]
[BlackFideId "12940968"]
[EventCountry "GER"]
[EventRounds "7"]
[EventType "team-swiss"]
[EventDate "2016.12.26"]

1. e4 {[%clk 1:30:21]} c5 {[%clk 1:30:46]} 2. Nf3 {[%clk 1:30:34]} a6 {[%clk
1:31:13]} 3. c3 {[%clk 1:30:33]} Qa5 {[%clk 1:31:36]} 4. d4 {[%clk 1:29:14]}
cxd4 {[%clk 1:31:33]} 5. Bd2 {[%clk 1:29:38]} dxc3 {[%clk 1:30:48]} 6. Nxc3
{[%clk 1:30:03]} Qd8 {[%clk 1:30:56]} 7. Bc4 {[%clk 1:29:39]} d6 {[%clk
1:30:46]} 8. O-O {[%clk 1:29:48]} e6 {[%clk 1:31:09]} 9. Qe2 {[%clk 1:29:24]}
b5 {[%clk 1:27:31]} 10. Bb3 {[%clk 1:25:08]} Ne7 {[%clk 1:20:28]} 11. Bg5
{[%clk 1:11:19]} f6 {[%clk 1:19:20]} 12. Be3 {[%clk 1:05:30]} Nbc6 {[%clk
1:15:44]} 13. a4 {[%clk 1:05:16]} b4 {[%clk 1:15:14]} 14. Nd5 {[%clk 1:05:34]}
exd5 {[%clk 1:11:52]} 15. exd5 {[%clk 1:05:56]} Na5 {[%clk 1:12:18]} 16. Bc2
{[%clk 1:01:37]} g6 {[%clk 1:09:05]} 17. Rfe1 {[%clk 1:00:46]} Kf7 {[%clk
1:09:19]} 18. Bd4 {[%clk 0:41:39]} Nf5 {[%clk 1:06:25]} 19. Rac1 {[%clk
0:24:58]} Nxd4 {[%clk 1:01:22]} 20. Nxd4 {[%clk 0:25:21]} Bh6 {[%clk 0:58:50]}
21. Ne6 {[%clk 0:22:39]} Bxe6 {[%clk 0:57:21]} 22. dxe6+ {[%clk 0:22:21]} Kg7
{[%clk 0:51:11]} 23. Rcd1 {[%clk 0:16:04]} Qc7 {[%clk 0:39:21]} 24. Be4 {[%clk
0:15:47]} Ra7 {[%clk 0:37:02]} 25. Bd5 {[%clk 0:15:57]} Re8 {[%clk 0:35:26]}
26. Qe4 {[%clk 0:14:12]} Nb7 {[%clk 0:34:40]} 27. h4 {[%clk 0:12:02]} Nc5
{[%clk 0:31:46]} 28. Qd4 {[%clk 0:11:58]} Kh8 {[%clk 0:29:35]} 29. Qxf6+ {[%clk
0:08:39]} Bg7 {[%clk 0:29:55]} 30. Qg5 {[%clk 0:08:32]} Qe7 {[%clk 0:28:55]}
31. Qg4 {[%clk 0:08:41]} a5 {[%clk 0:28:19]} 32. b3 {[%clk 0:08:20]} Rf8 {[%clk
0:26:59]} 33. h5 {[%clk 0:05:56]} gxh5 {[%clk 0:27:24]} 34. Qxh5 {[%clk
0:06:19]} Qf6 {[%clk 0:27:34]} 35. Rd2 {[%clk 0:05:17]} Re7 {[%clk 0:27:26]}
0-1

[Event "DVM U20 2016"]
[Site "Borken-Gemen GER"]
[Date "2016.12.29"]
[Round "5"]
[White "Riehle, Marco"]
[Black "Rieper, Julian"]
[Result "1/2-1/2"]
[Termination "normal"]
[Board "1.3"]
[WhiteElo "2303"]
[BlackElo "2029"]
[WhiteClock "00:10:26"]
[BlackClock "00:09:21"]
[WhiteTeam "SF Sasbach"]
[BlackTeam "SK Doppelbauer Kiel"]
[PlyCount "120"]
[WhiteFideId "12904392"]
[BlackFideId "12936960"]
[EventCountry "GER"]
[EventRounds "7"]
[EventType "team-swiss"]
[EventDate "2016.12.26"]

1. e4 {[%clk 1:30:17]} e5 {[%clk 1:30:43]} 2. Nf3 {[%clk 1:30:11]} Nc6 {[%clk
1:31:09]} 3. d4 {[%clk 1:30:26]} exd4 {[%clk 1:31:33]} 4. Bc4 {[%clk 1:30:50]}
Bc5 {[%clk 1:31:20]} 5. c3 {[%clk 1:30:12]} Nf6 {[%clk 1:31:42]} 6. cxd4 {[%clk
1:30:36]} Bb4+ {[%clk 1:31:59]} 7. Kf1 {[%clk 1:30:59]} d5 {[%clk 1:32:12]} 8.
exd5 {[%clk 1:31:23]} Nxd5 {[%clk 1:32:35]} 9. Nc3 {[%clk 1:31:49]} Nb6 {[%clk
1:32:00]} 10. Bg5 {[%clk 1:22:12]} Be7 {[%clk 1:27:01]} 11. Bxe7 {[%clk
1:20:26]} Nxe7 {[%clk 1:23:59]} 12. Bd3 {[%clk 1:16:48]} O-O {[%clk 1:18:29]}
13. Qc2 {[%clk 1:10:47]} h6 {[%clk 1:17:51]} 14. Re1 {[%clk 1:07:00]} c6 {[%clk
1:17:13]} 15. h3 {[%clk 1:04:37]} Ned5 {[%clk 1:13:35]} 16. a3 {[%clk 1:02:21]}
Re8 {[%clk 1:08:36]} 17. Rxe8+ {[%clk 1:01:21]} Qxe8 {[%clk 1:08:27]} 18. g3
{[%clk 1:01:18]} Be6 {[%clk 1:08:08]} 19. Kg2 {[%clk 1:00:39]} Rd8 {[%clk
1:07:45]} 20. Ne4 {[%clk 0:59:49]} Bc8 {[%clk 1:04:18]} 21. Nc5 {[%clk
0:52:36]} Qe7 {[%clk 1:03:54]} 22. Bh7+ {[%clk 0:51:47]} Kh8 {[%clk 1:02:38]}
23. Bf5 {[%clk 0:50:50]} Bxf5 {[%clk 1:01:27]} 24. Qxf5 {[%clk 0:51:19]} Nc4
{[%clk 1:01:20]} 25. Qd3 {[%clk 0:47:19]} b5 {[%clk 0:44:11]} 26. Re1 {[%clk
0:45:56]} Qf6 {[%clk 0:41:38]} 27. Re2 {[%clk 0:37:54]} Ndb6 {[%clk 0:35:37]}
28. a4 {[%clk 0:34:54]} bxa4 {[%clk 0:32:42]} 29. Nxa4 {[%clk 0:31:55]} Nd6
{[%clk 0:31:13]} 30. Nc5 {[%clk 0:26:16]} Nb5 {[%clk 0:26:20]} 31. Nb3 {[%clk
0:22:52]} g6 {[%clk 0:25:25]} 32. Ne5 {[%clk 0:21:41]} Kg7 33. Qe4 {[%clk
0:19:23]} Rd5 {[%clk 0:19:26]} 34. Ng4 {[%clk 0:13:04]} Qd8 {[%clk 0:14:38]}
35. Qf4 {[%clk 0:11:22]} Qg5 {[%clk 0:12:58]} 36. Qxg5 {[%clk 0:11:12]} hxg5
{[%clk 0:12:42]} 37. Re7 {[%clk 0:10:55]} Nd7 {[%clk 0:11:05]} 38. Ne5 {[%clk
0:07:37]} Nxe5 {[%clk 0:10:25]} 39. Rxe5 {[%clk 0:07:06]} Rd6 {[%clk 0:10:29]}
40. Rxg5 {[%clk 0:06:09]} Nxd4 {[%clk 0:10:37]} 41. Nxd4 {[%clk 0:06:30]} Rxd4
{[%clk 0:11:02]} 42. Rc5 {[%clk 0:06:54]} Rb4 {[%clk 0:11:08]} 43. Rxc6 {[%clk
0:07:19]} Rxb2 {[%clk 0:11:31]} 44. Ra6 {[%clk 0:07:47]} Rb7 {[%clk 0:11:54]}
45. h4 {[%clk 0:08:14]} Kf8 {[%clk 0:11:39]} 46. g4 {[%clk 0:08:30]} Kg7 {[%clk
0:11:37]} 47. Kg3 {[%clk 0:08:54]} Kh7 {[%clk 0:11:17]} 48. f3 {[%clk 0:08:06]}
Kg7 49. h5 {[%clk 0:08:19]} Re7 {[%clk 0:10:59]} 50. hxg6 {[%clk 0:08:40]} fxg6
{[%clk 0:11:25]} 51. f4 {[%clk 0:08:55]} Rf7 {[%clk 0:10:45]} 52. Ra4 {[%clk
0:08:43]} Kh7 {[%clk 0:10:15]} 53. Ra5 {[%clk 0:09:02]} Kg7 54. Ra6 Kh7 {[%clk
0:09:02]} 55. Ra5 {[%clk 0:09:33]} Kg7 56. Ra4 {[%clk 0:09:58]} Kh7 {[%clk
0:09:14]} 57. Kh4 {[%clk 0:10:23]} Kh6 {[%clk 0:09:06]} 58. g5+ {[%clk
0:10:00]} Kg7 {[%clk 0:09:22]} 59. Kg4 {[%clk 0:10:17]} Rb7 {[%clk 0:09:03]}
60. Kf3 {[%clk 0:10:26]} Re7 {[%clk 0:09:21]} 1/2-1/2

[Event "DVM U20 2016"]
[Site "Borken-Gemen GER"]
[Date "2016.12.29"]
[Round "5"]
[White "Wanner, Lukas"]
[Black "Bohnert, Dominik"]
[Result "1-0"]
[Termination "normal"]
[Board "1.4"]
[WhiteElo "2020"]
[BlackElo "2027"]
[WhiteClock "00:24:10"]
[BlackClock "00:16:22"]
[WhiteTeam "SK Doppelbauer Kiel"]
[BlackTeam "SF Sasbach"]
[PlyCount "53"]
[WhiteFideId "12918148"]
[BlackFideId "12918075"]
[EventCountry "GER"]
[EventRounds "7"]
[EventType "team-swiss"]
[EventDate "2016.12.26"]

1. e4 {[%clk 1:30:57]} b6 {[%clk 1:30:53]} 2. d4 {[%clk 1:30:27]} Bb7 {[%clk
1:31:14]} 3. Bd3 {[%clk 1:29:39]} e6 {[%clk 1:31:39]} 4. c3 {[%clk 1:29:11]} d5
{[%clk 1:29:27]} 5. e5 {[%clk 1:29:32]} c5 {[%clk 1:29:51]} 6. f4 {[%clk
1:28:12]} Nc6 {[%clk 1:29:07]} 7. Nf3 {[%clk 1:27:27]} Qd7 {[%clk 1:29:06]} 8.
O-O {[%clk 1:26:30]} g6 {[%clk 1:28:39]} 9. Be3 {[%clk 1:23:20]} a6 {[%clk
1:20:37]} 10. Nbd2 {[%clk 1:22:07]} c4 {[%clk 1:20:39]} 11. Bc2 {[%clk
1:21:09]} Nge7 {[%clk 1:18:32]} 12. g4 {[%clk 1:20:34]} h5 {[%clk 1:14:47]} 13.
h3 {[%clk 1:16:38]} hxg4 {[%clk 1:10:55]} 14. hxg4 {[%clk 1:16:59]} O-O-O
{[%clk 1:11:16]} 15. Ng5 {[%clk 1:13:52]} Bh6 {[%clk 0:59:25]} 16. Nxf7 {[%clk
1:08:43]} Nf5 {[%clk 0:59:21]} 17. gxf5 {[%clk 1:08:14]} Qxf7 {[%clk 0:58:02]}
18. f6 {[%clk 0:57:09]} Nxe5 {[%clk 0:46:12]} 19. dxe5 {[%clk 0:55:23]} d4
{[%clk 0:45:38]} 20. cxd4 {[%clk 0:40:54]} Bxf4 {[%clk 0:34:06]} 21. Rxf4
{[%clk 0:35:02]} Qh7 {[%clk 0:26:02]} 22. Nf3 {[%clk 0:31:40]} Rxd4 {[%clk
0:19:53]} 23. Bxd4 {[%clk 0:24:54]} Qh3 {[%clk 0:17:11]} 24. Kf2 {[%clk
0:24:00]} g5 {[%clk 0:16:44]} 25. Qh1 {[%clk 0:23:37]} Qxh1 {[%clk 0:15:56]}
26. Rxh1 {[%clk 0:24:02]} Rxh1 {[%clk 0:16:22]} 27. f7 {[%clk 0:24:10]} 1-0

[Event "DVM U20 2016"]
[Site "Borken-Gemen GER"]
[Date "2016.12.29"]
[Round "5"]
[White "Mieck, Jale"]
[Black "Spiegelberg, Silvia"]
[Result "1/2-1/2"]
[Termination "normal"]
[Board "1.6"]
[WhiteElo "1933"]
[BlackElo "1874"]
[WhiteClock "00:20:36"]
[BlackClock "00:01:04"]
[WhiteTeam "SK Doppelbauer Kiel"]
[BlackTeam "SF Sasbach"]
[PlyCount "125"]
[WhiteFideId "12936871"]
[BlackFideId "24654450"]
[EventCountry "GER"]
[EventRounds "7"]
[EventType "team-swiss"]
[EventDate "2016.12.26"]

1. d4 {[%clk 1:30:57]} Nf6 {[%clk 1:30:46]} 2. Bf4 {[%clk 1:31:11]} d5 {[%clk
1:30:49]} 3. Nf3 {[%clk 1:31:35]} e6 {[%clk 1:31:03]} 4. e3 {[%clk 1:31:54]} c5
{[%clk 1:31:20]} 5. c3 {[%clk 1:32:07]} Nc6 {[%clk 1:31:34]} 6. Bd3 {[%clk
1:32:23]} Bd6 {[%clk 1:31:22]} 7. Bg3 {[%clk 1:32:47]} O-O {[%clk 1:31:30]} 8.
Nbd2 {[%clk 1:33:12]} Re8 {[%clk 1:31:26]} 9. Ne5 {[%clk 1:32:56]} Bxe5 {[%clk
1:30:28]} 10. dxe5 {[%clk 1:31:50]} Nd7 {[%clk 1:30:23]} 11. f4 {[%clk
1:31:24]} f5 {[%clk 1:30:13]} 12. Qh5 {[%clk 1:28:48]} Rf8 {[%clk 1:14:34]} 13.
Bh4 {[%clk 1:26:44]} Qe8 {[%clk 1:08:24]} 14. Qe2 {[%clk 1:25:30]} Ne7 {[%clk
0:46:06]} 15. O-O-O {[%clk 1:22:39]} c4 {[%clk 0:41:46]} 16. Bc2 {[%clk
1:20:47]} Nc5 {[%clk 0:40:20]} 17. g4 {[%clk 1:19:37]} Bd7 {[%clk 0:37:15]} 18.
Rhg1 {[%clk 1:16:35]} Ng6 {[%clk 0:28:09]} 19. Bf2 {[%clk 1:16:25]} Ba4 {[%clk
0:25:58]} 20. b3 {[%clk 1:16:06]} cxb3 {[%clk 0:24:28]} 21. axb3 {[%clk
1:16:31]} Bb5 {[%clk 0:24:12]} 22. Qf3 {[%clk 1:15:58]} Qc6 {[%clk 0:21:43]}
23. Nb1 {[%clk 1:12:49]} Ne4 {[%clk 0:13:50]} 24. gxf5 {[%clk 1:10:54]} exf5
{[%clk 0:13:56]} 25. Be1 {[%clk 1:09:33]} a5 {[%clk 0:13:42]} 26. Rg2 {[%clk
1:06:22]} a4 {[%clk 0:12:53]} 27. bxa4 {[%clk 1:04:27]} Bxa4 {[%clk 0:13:14]}
28. Rd4 {[%clk 1:00:31]} b5 {[%clk 0:09:59]} 29. Kd1 {[%clk 0:53:16]} Bxc2+
{[%clk 0:07:22]} 30. Rxc2 {[%clk 0:53:30]} Ra1 {[%clk 0:07:28]} 31. Rb4 {[%clk
0:53:41]} Rfa8 {[%clk 0:05:52]} 32. Qf1 {[%clk 0:44:09]} R8a5 {[%clk 0:04:30]}
33. Qd3 {[%clk 0:43:57]} Nf8 {[%clk 0:03:28]} 34. Rcb2 {[%clk 0:40:46]} R5a3
{[%clk 0:02:42]} 35. Kc2 {[%clk 0:39:46]} R3a2 {[%clk 0:01:28]} 36. Rxb5 {[%clk
0:37:52]} Nc5 {[%clk 0:01:02]} 37. Qe2 {[%clk 0:37:27]} Rxb2+ {[%clk 0:00:53]}
38. Rxb2 {[%clk 0:37:15]} Qa4+ {[%clk 0:01:14]} 39. Kc1 {[%clk 0:35:46]} Nb3+
{[%clk 0:01:15]} 40. Rxb3 {[%clk 0:36:00]} Qxb3 {[%clk 0:01:11]} 41. Qb2 {[%clk
0:35:56]} Qa4 {[%clk 0:01:22]} 42. Qb4 {[%clk 0:35:42]} Qa6 {[%clk 0:25:49]}
43. Qb3 {[%clk 1:04:02]} Qd3 {[%clk 0:24:12]} 44. Bd2 {[%clk 1:03:56]} Ne6
{[%clk 0:22:41]} 45. Qc2 {[%clk 1:00:05]} Qf1+ {[%clk 0:19:42]} 46. Kb2 {[%clk
1:00:20]} Qa6 {[%clk 0:19:51]} 47. Qb3 {[%clk 0:59:00]} Qa8 {[%clk 0:15:55]}
48. Kc1 {[%clk 0:53:46]} Nc5 {[%clk 0:14:22]} 49. Qb6 {[%clk 0:52:32]} Qa3+
{[%clk 0:12:17]} 50. Kd1 {[%clk 0:52:28]} Qa4+ {[%clk 0:12:11]} 51. Ke1 {[%clk
0:52:07]} Qc4 {[%clk 0:07:31]} 52. e6 {[%clk 0:47:35]} Nd3+ {[%clk 0:03:23]}
53. Kd1 {[%clk 0:46:52]} Ra8 {[%clk 0:02:24]} 54. Na3 {[%clk 0:44:13]} Qe4
{[%clk 0:01:37]} 55. Qb7 {[%clk 0:42:54]} Rf8 {[%clk 0:01:04]} 56. c4 {[%clk
0:26:16]} Qxe6 {[%clk 0:00:39]} 57. cxd5 {[%clk 0:26:20]} Qd6 {[%clk 0:00:54]}
58. Nc4 {[%clk 0:26:10]} Qc5 {[%clk 0:01:01]} 59. Bc3 {[%clk 0:21:21]} Rf7
{[%clk 0:00:52]} 60. Qa8+ {[%clk 0:21:46]} Rf8 {[%clk 0:00:54]} 61. Qb7 {[%clk
0:21:19]} Rf7 {[%clk 0:00:36]} 62. Qa8+ {[%clk 0:20:36]} Rf8 {[%clk 0:01:04]}
63. Qb7 1/2-1/2

[Event "DVM U20 2016"]
[Site "Borken-Gemen GER"]
[Date "2016.12.29"]
[Round "5"]
[White "Xu, Xianliang"]
[Black "Grimm, Julius"]
[Result "1/2-1/2"]
[Termination "normal"]
[Board "2.1"]
[WhiteTitle "FM"]
[WhiteElo "2295"]
[BlackElo "2281"]
[WhiteClock "01:21:32"]
[BlackClock "01:17:41"]
[WhiteTeam "SG Porz"]
[BlackTeam "SF Darmstadt"]
[PlyCount "40"]
[WhiteFideId "4603230"]
[BlackFideId "12916986"]
[EventCountry "GER"]
[EventRounds "7"]
[EventType "team-swiss"]
[EventDate "2016.12.26"]

1. e4 {[%clk 1:30:57]} c6 {[%clk 1:30:51]} 2. d4 {[%clk 1:31:18]} d5 {[%clk
1:31:14]} 3. exd5 {[%clk 1:31:38]} cxd5 {[%clk 1:31:34]} 4. c4 {[%clk 1:32:04]}
Nf6 {[%clk 1:31:54]} 5. Nc3 {[%clk 1:31:27]} Nc6 {[%clk 1:32:00]} 6. Bg5 {[%clk
1:31:19]} dxc4 {[%clk 1:32:00]} 7. Bxc4 {[%clk 1:31:36]} h6 {[%clk 1:32:09]} 8.
Bh4 {[%clk 1:25:22]} Qxd4 {[%clk 1:32:01]} 9. Qxd4 {[%clk 1:25:42]} Nxd4 {[%clk
1:32:22]} 10. O-O-O {[%clk 1:25:52]} e5 {[%clk 1:32:44]} 11. Nf3 {[%clk
1:24:44]} Nxf3 {[%clk 1:30:46]} 12. Bxf6 {[%clk 1:23:11]} gxf6 {[%clk 1:31:08]}
13. Bb5+ {[%clk 1:23:33]} Ke7 {[%clk 1:31:32]} 14. Nd5+ {[%clk 1:23:56]} Kd8
{[%clk 1:31:36]} 15. gxf3 {[%clk 1:24:14]} Bd6 {[%clk 1:31:13]} 16. Nxf6 {[%clk
1:21:04]} Ke7 {[%clk 1:27:13]} 17. Nd5+ {[%clk 1:21:22]} Kf8 {[%clk 1:19:21]}
18. Ne3 {[%clk 1:20:54]} Ke7 {[%clk 1:16:57]} 19. Nd5+ {[%clk 1:21:17]} Kf8
{[%clk 1:17:21]} 20. Ne3 {[%clk 1:21:32]} Ke7 {[%clk 1:17:41]} 1/2-1/2

[Event "DVM U20 2016"]
[Site "Borken-Gemen GER"]
[Date "2016.12.29"]
[Round "5"]
[White "Nothnagel, Marian Can"]
[Black "Sabirov, Ramil"]
[Result "1-0"]
[Termination "normal"]
[Board "2.2"]
[WhiteElo "2061"]
[BlackElo "1996"]
[WhiteClock "00:11:10"]
[BlackClock "00:04:03"]
[WhiteTeam "SF Darmstadt"]
[BlackTeam "SG Porz"]
[PlyCount "57"]
[WhiteFideId "12921530"]
[BlackFideId "12900303"]
[EventCountry "GER"]
[EventRounds "7"]
[EventType "team-swiss"]
[EventDate "2016.12.26"]

1. e4 {[%clk 1:30:58]} c5 {[%clk 1:30:55]} 2. d4 {[%clk 1:31:18]} cxd4 {[%clk
1:31:20]} 3. c3 {[%clk 1:31:46]} Nf6 {[%clk 1:31:45]} 4. e5 {[%clk 1:32:13]}
Nd5 {[%clk 1:32:10]} 5. Nf3 {[%clk 1:32:40]} Nc6 {[%clk 1:32:02]} 6. Bc4 {[%clk
1:31:48]} e6 {[%clk 1:30:08]} 7. cxd4 {[%clk 1:30:51]} d6 {[%clk 1:25:57]} 8.
O-O {[%clk 1:26:35]} Be7 {[%clk 1:26:23]} 9. Qe2 {[%clk 1:26:56]} O-O {[%clk
1:22:00]} 10. Nc3 {[%clk 1:26:58]} Nxc3 {[%clk 1:19:51]} 11. bxc3 {[%clk
1:26:55]} dxe5 {[%clk 1:19:27]} 12. dxe5 {[%clk 1:27:20]} Qc7 {[%clk 1:17:20]}
13. Qe4 {[%clk 1:27:15]} g6 {[%clk 1:03:36]} 14. Bh6 {[%clk 1:15:42]} Rd8
{[%clk 0:59:06]} 15. Rad1 {[%clk 1:13:50]} Bd7 {[%clk 0:52:44]} 16. Qf4 {[%clk
0:59:29]} Be8 {[%clk 0:42:22]} 17. h4 {[%clk 0:29:10]} Qa5 {[%clk 0:30:40]} 18.
h5 {[%clk 0:22:51]} Qa4 {[%clk 0:29:27]} 19. Rxd8 {[%clk 0:19:30]} Rxd8 {[%clk
0:25:17]} 20. hxg6 {[%clk 0:19:56]} hxg6 {[%clk 0:24:47]} 21. Ng5 {[%clk
0:18:09]} Qa5 {[%clk 0:07:08]} 22. Nxe6 {[%clk 0:09:12]} fxe6 {[%clk 0:05:38]}
23. Bxe6+ {[%clk 0:09:38]} Kh7 {[%clk 0:04:57]} 24. Bf8 {[%clk 0:09:33]} Bxf8
{[%clk 0:03:51]} 25. Qxf8 {[%clk 0:09:57]} Qxe5 {[%clk 0:03:11]} 26. Bg8+
{[%clk 0:10:19]} Kh8 {[%clk 0:03:23]} 27. Bf7+ {[%clk 0:10:43]} Kh7 {[%clk
0:03:41]} 28. Qg8+ {[%clk 0:11:10]} Kh6 {[%clk 0:04:03]} 29. Qxg6# 1-0